La argentina'94 : estructura humana y económica /

Guardado en:
Autor Principal: Carlevari, Isidro
Formato: Libro
Publicado: Buenos Aires : Macchi, 1994
Edición:11a. ed.
Etiquetas: Agregar Etiqueta
Sin Etiquetas, Sea el primero en etiquetar este registro!
LEADER 00595nam a22001695a 4500
001 CEM.cems007564
008 130507s1994##################000#0#####d
005 20241216114620.0
245 1 0 |a La argentina'94 :  |b estructura humana y económica / 
250 |a 11a. ed. 
260 |a Buenos Aires :  |b Macchi,  |c 1994 
300 |a 696 p. 
100 1 |a Carlevari, Isidro 
082 0 4 |a 330.982 
859 |a CEMS  |b BIB. CEMS - 11 de abril  |h 330.982  |i C193a11  |p 17677.94  |t Ej.3 
859 |a CEMS  |b BIB. CEMS - 11 de abril  |h 330.982  |i C193a11  |p 17678.94  |t Ej.4 
859 |a CEMS  |b BIB. CEMS - 11 de abril  |h 330.982  |i C193a11  |p 17679.94  |t Ej.5